Geografía del Obispado de Córdoba en la baja edad media / (Record n. 15660)

Dettagli MARC
000 -LEADER
fixed length control field 00767nam a2200205 i 4500
003 - CONTROL NUMBER IDENTIFIER
control field IT-RoINE
005 - DATE AND TIME OF LATEST TRANSACTION
control field 20170223121418.0
008 - FIXED-LENGTH DATA ELEMENTS--GENERAL INFORMATION
fixed length control field 960822s1995 sp bd r ||1|||spa|d
020 ## - INTERNATIONAL STANDARD BOOK NUMBER
International Standard Book Number 8486547318
040 ## - CATALOGING SOURCE
Original cataloging agency SpMaBN
Transcribing agency SpMaBN IT-RoINE
Modifying agency IT-RoINE
100 1# - MAIN ENTRY--PERSONAL NAME
Personal name Sanz Sancho, Iluminado,
Dates associated with a name 1946-
9 (RLIN) 31470
245 10 - TITLE STATEMENT
Title Geografía del Obispado de Córdoba en la baja edad media /
Statement of responsibility, etc Iluminado Sanz Sancho.
260 ## - PUBLICATION, DISTRIBUTION, ETC. (IMPRINT)
Place of publication, distribution, etc Madrid :
Name of publisher, distributor, etc Polifemo,
Date of publication, distribution, etc 1995.
300 ## - PHYSICAL DESCRIPTION
Extent IX, 203 p. :
Other physical details mapas, cuad. ;
Dimensions 24 cm.
500 ## - GENERAL NOTE
General note Incluye índice.
504 ## - BIBLIOGRAPHY, ETC. NOTE
Bibliography, etc Fuentes y bibliografía: p. [3]-12.
610 24 - SUBJECT ADDED ENTRY--CORPORATE NAME
Corporate name or jurisdiction name as entry element Córdoba (España : Diócesis)
General subdivision Historia
Chronological subdivision Siglos 12o.-15o.
9 (RLIN) 31471
651 #4 - SUBJECT ADDED ENTRY--GEOGRAPHIC NAME
Geographic name Córdoba (España)
General subdivision Geografía histórica
Chronological subdivision Siglos 12o.-15o.
9 (RLIN) 31472
942 ## - ADDED ENTRY ELEMENTS (KOHA)
Item type Monografías
Dati di copia
Withdrawn status Lost status Damaged status Not for loan Home library Current library Date acquired Total Checkouts Full call number Barcode Date last seen Price effective from Koha item type
        Iglesia Nacional Española en Roma Iglesia Nacional Española en Roma 23/02/2017   HIS.ECL.ESP 1120 38306 23/02/2017 23/02/2017 Monografías